000 00624nam a2200229Ia 4500
003 OSt
005 20220925203649.0
006 a|||||r|||| 00| 0
007 ta
008 220923b |||||||| |||| 00| 0 eng d
037 _cGeneral Book
040 _aRTL
_cRTL
_beng
041 _2eng
_aeng
082 _aX:89K, L5
100 _aIsard Walter
_994154
245 0 _aIntroduction to regional science
260 _aEnglewood
_bCliffs N J Prentice Hall
_c1975
300 _axxii, 506p.
_ccm.
650 _aRegional Economics
942 _hX:89K, L5
_cGB
_2CC
999 _c547327
_d547327